Southville International School and Colleges
Your cart is empty.
  • Cart
  • Lists
    Public lists Eva Luna New books Lux_list list_1
    Your lists Log in to create your own lists
  • Log in to your account
  • Your cookies
  • Search history
Southville International School and Colleges
  • Advanced search
  • Recent comments
  • Most popular
  • Libraries

Log in to your account

Log in with GOOGLE


If you do not have an external account, but do have a local account, you can still log in:

  1. Home
  2. MARC view: The unicorn and the moon /
Normal view MARC view ISBD view

The unicorn and the moon / (Record no. 103948)

[ view plain ]
MARC details
000 -LEADER
fixed length control field 00645nam a2200181 a 4500
005 - DATE AND TIME OF LATEST TRANSACTION
control field 20140412111310.0
008 - FIXED-LENGTH DATA ELEMENTS--GENERAL INFORMATION
fixed length control field 010319s19uu xx 00 eng d
020 ## - INTERNATIONAL STANDARD BOOK NUMBER
International Standard Book Number 0-382-24659-4
050 ## - LIBRARY OF CONGRESS CALL NUMBER
Classification number ER
Item number Un1 1995
100 ## - MAIN ENTRY--PERSONAL NAME
Personal name dePaola, Tomie
245 ## - TITLE STATEMENT
Title The unicorn and the moon /
Statement of responsibility, etc by Tomie de Paola ; illustrated by Tomie de Paola.
260 ## - PUBLICATION, DISTRIBUTION, ETC. (IMPRINT)
Place of publication, distribution, etc New Jersey :
Name of publisher, distributor, etc Silver Burdette Press,
Date of publication, distribution, etc 1995.
300 ## - PHYSICAL DESCRIPTION
Extent 1 v. (unp.) ; ill.
520 ## - SUMMARY, ETC.
Summary, etc When the moon gets stuck between two hills, the unicorn tries to free it with help from a griffin and alchemist.
650 ## - SUBJECT ADDED ENTRY--TOPICAL TERM
Topical term or geographic name as entry element Moon - Fiction
650 ## - SUBJECT ADDED ENTRY--TOPICAL TERM
Topical term or geographic name as entry element Animals, Mythical - Fiction
Holdings
Withdrawn status Lost status Damaged status Use restrictions Home library Current library Shelving location Date acquired Source of acquisition Total Checkouts Full call number Barcode Date last seen Price effective from Koha item type
        Elizalde Library Elizalde Library Easy Reading Section 03/19/2001     ER Un1 1995 E6147 04/12/2014 04/12/2014 Books

The unicorn and the moon /

APA

dePaola T., . (1995). The unicorn and the moon. New Jersey: Silver Burdette Press.

Chicago

dePaola Tomie, . 1995. The unicorn and the moon. New Jersey: Silver Burdette Press.

Harvard

dePaola T., . (1995). The unicorn and the moon. New Jersey: Silver Burdette Press.

MLA

dePaola Tomie, . The unicorn and the moon. New Jersey: Silver Burdette Press. 1995.

  • Place hold
  • Print
  • Cite
  • Add to your cart (remove)
  • Save record
    BIBTEX Dublin Core MARCXML MARC (non-Unicode/MARC-8) MARC (Unicode/UTF-8) MARC (Unicode/UTF-8, Standard) MODS (XML) RIS
  • More searches
    Search for this title in:
    Other Libraries (WorldCat) Other Databases (Google Scholar) Online Stores (Bookfinder.com) Open Library (openlibrary.org)

Exporting to Dublin Core...

SOUTHVILLE LIBRARY

Southville International School and Colleges Library

1281 Tropical Ave. Cor. Luxembourg St., BF Homes International, Las Pinas City

Tel. No. 8256374 / 252358 Loc. 117/146

Powered by Koha